000 00291nam a22001337a 4500
008 260428b ||||| |||| 00| 0 eng d
020 _a9789951565448
041 _aShqip
080 _a821.18
100 _a20
101 _aNgjarje
245 _aMedaljoni
_cRragman Dedaj
942 _2udc
_cBK
999 _c61007
_d61007